000
00292nam a22001337a 4500
008
170419b xxu||||| |||| 00| 0 eng d
020
_a
9780073403465
041
_a
eng
080
_2
4 ED
_a
573
100
_a
11
101
_a
SHM
245
_a
BIOLOGY CONCEPTS
_c
ENGER.E.D
942
_2
udc
_c
BK
999
_c
11254
_d
11254